000 00558cam a22001814a 4500
005 20250605164402.0
008 250528s ||||||||||||||||||||||||d
035 _a24611
040 _aGR-AtMCL
_bgre
_dGR-AtMCL
_eAACR2
245 1 _aA Passenger-First Approach
260 _bInternational Airport Review,
_c2022
300 _a48
520 _aA Global Leader in Drone Innovation, Sustainable Taxing at Schiphol, Supporting Airport Workers During COVID-19.
700 1 _aMiles Holly
_99494
942 _cCR
999 _c9480
_d9480